Countries with most Canadians - Statistics

General Stats
  • This quiz has been taken 35 times
  • The average score is 9 of 15
Answer Stats
Population Country % Correct
87,000 United Kingdom
100%
1,062,640 United States
100%
27,289 Australia
94%
90,000 France
94%
319,990 China
85%
7,770 New Zealand
85%
13,390 Germany
79%
11,016 Japan
79%
14,210 South Korea
73%
17,320 Pakistan
39%
40,000 United Arab Emirates
33%
10,000 Egypt
27%
6,000 Haiti
21%
7,250 Qatar
18%
45,000 Lebanon
3%
No matching quizzes found
Score Distribution
Percent of People with Each Score
Percentile by Number Answered
Your Score History
You have not taken this quiz